Lyrics to 'Yo Contigo, Tú Conmigo' by Morat - Statistics

General Stats
  • This quiz has been taken 33 times
  • The average score is 191 of 265
Answer Stats
Answer % Correct
Y
100%
y
100%
a
83%
al
83%
cielo
83%
conmigo
83%
contigo
83%
el
83%
grito
83%
mi
83%
83%
pegaré
83%
¿Por
83%
qué?
83%
que
83%
Que
83%
tu
83%
83%
un
83%
ya
83%
Yo
83%
algo
67%
antes
67%
aquí
67%
aunque
67%
conozco
67%
Contra
67%
cuando
67%
cuento
67%
cumplió
67%
daré
67%
de
67%
destino
67%
dos
67%
en
67%
entero
67%
entre
67%
Eres
67%
escribirlo
67%
escucho
67%
espejo
67%
estamos
67%
estés
67%
fuerte
67%
Gong
67%
gong
67%
hablo
67%
habrá
67%
hace
67%
hay
67%
intento
67%
la
67%
Le
67%
llegó
67%
lo
67%
los
67%
mares
67%
más
67%
mejor
67%
misión
67%
momento
67%
muera
67%
mundo
67%
no
67%
No
67%
nos
67%
Nuestro
67%
parte
67%
presiento
67%
quien
67%
quieran
67%
quiero
67%
quitarme
67%
Reconozco
67%
rendirse
67%
67%
separe
67%
si
67%
Siento
67%
siento
67%
sin
67%
Soy
67%
su
67%
Te
67%
te
67%
ti
67%
tiempo
67%
Va
67%
Vamos
67%
veo
67%
verme
67%
viento
67%
voz
67%
vuelta
67%
así
50%
goro
50%
Quema
50%
No matching quizzes found
Score Distribution
Percent of People with Each Score
Percentile by Number Answered
Your Score History
You have not taken this quiz